Vainqueurs Grand Prix F1 2020 - Statistiques

Statistiques générales
  • Ce quiz a été pris 33 fois
  • Le résultat moyen est 16 sur 17
Statistiques - réponses
Grand Prix Réponses % Correct
HONGRIE Lewis Hamilton
100%
GRANDE-BRETAGNE Lewis Hamilton
100%
ESPAGNE Lewis Hamilton
100%
GRAND PRIX DE L'EFEIL Lewis Hamilton
100%
PORTUGAL Lewis Hamilton
100%
TURQUIE Lewis Hamilton
100%
BAHREIN Lewis Hamilton
100%
70TH ANNIVERSARY GP Max Verstappen
100%
STEIERMARK GP Lewis Hamilton
96%
BELGIQUE Lewis Hamilton
96%
TOSCANE Lewis Hamilton
96%
EMILIE-ROMAGNE Lewis Hamilton
96%
ABOU DABI Max Verstappen
96%
AUTRICHE Valtteri Bottas
96%
RUSSIE Valtteri Bottas
93%
SAKHIR Sergio Perez
81%
ITALIE Pierre Gasly
70%
Aucun quiz correspondant
Distribution des résultats
% des personnes avec chaque résultat
Percentile par nombre de réponses
Votre historique - résultats
Vous n’avez pas pris ce quiz